Paleografía española : (Record no. 39294)
[ view plain ]
| 000 -CABECERA | |
|---|---|
| campo de control de longitud fija | 00744nam a2200205 a 4500 |
| 001 - NÚMERO DE CONTROL | |
| campo de control | 000039804 |
| 005 - FECHA Y HORA DE LA ÚLTIMA TRANSACCIÓN | |
| campo de control | 20201002033738.0 |
| 008 - DATOS DE LONGITUD FIJA--INFORMACIÓN GENERAL | |
| campo de control de longitud fija | 130722s1929 sp 000 0 spa d |
| 040 ## - FUENTE DE LA CATALOGACIÓN | |
| Centro catalogador/agencia de origen | DO-SdBNP |
| Lengua de catalogación | spa |
| Centro/agencia transcriptor | BNPHU |
| 082 ## - NÚMERO DE LA CLASIFICACIÓN DECIMAL DEWEY | |
| Número de clasificación | xxx |
| Número de documento/Ítem | M645p, |
| 100 1# - ENTRADA PRINCIPAL--NOMBRE DE PERSONA | |
| Nombre de persona | Millares Carlo, Agustín, |
| Fechas asociadas al nombre | 1893-1980. |
| 9 (RLIN) | 21293 |
| 245 10 - MENCIÓN DE TÍTULO | |
| Título | Paleografía española : |
| Resto del título | ensayo de una historia de la escritura en Epanña desde el siglo VIII al XVII / |
| Mención de responsabilidad, etc. | Agustín Millares Carlos. |
| 260 ## - PUBLICACIÓN, DISTRIBUCIÓN, ETC. | |
| Lugar de publicación, distribución, etc. | Barcelona : |
| Nombre del editor, distribuidor, etc. | Labor, |
| Fecha de publicación, distribución, etc. | 1929. |
| 300 ## - DESCRIPCIÓN FÍSICA | |
| Extensión | 1 v. ; |
| Dimensiones | 18 cm. |
| 490 1# - MENCIÓN DE SERIE | |
| Mención de serie | Labor |
| Designación de volumen o secuencia | 4 |
| 490 1# - MENCIÓN DE SERIE | |
| Mención de serie | Ciencias históricas |
| Designación de volumen o secuencia | 192-194 |
| 500 ## - NOTA GENERAL | |
| Nota general | Incluye referencias biográficas y notas al pie de las páginas. |
| 830 #0 - PUNTO DE ACCESO ADICIONAL DE SERIE-TÍTULO UNIFORME | |
| Título uniforme | Labor |
| Designación de volumen o secuencia | 4 |
| 9 (RLIN) | 5274 |
| 830 #0 - PUNTO DE ACCESO ADICIONAL DE SERIE-TÍTULO UNIFORME | |
| Título uniforme | Ciencias históricas |
| Número de parte o sección de la obra | 192-194 |
| 9 (RLIN) | 66000 |
| Estado de retiro | Estado de pérdida | Restricciones de uso | No para préstamo | Código de colección | Localización permanente | Ubicación/localización actual | Ubicación en estantería | Fecha de adquisición | Número de inventario | Total de préstamos | Signatura topográfica completa | Código de barras | Fecha visto por última vez | Precio válido a partir de | Tipo de ítem Koha |
|---|---|---|---|---|---|---|---|---|---|---|---|---|---|---|---|
| Excluido de préstamo | Raros y valiosos | Patrimonio Dominicano | Patrimonio Dominicano | En catalogación | 22.07.2013 | LF1 | xxx M645p, | 39804-10 | 25.06.2020 | 25.06.2020 | No se presta |
